Highest Points in U.S. States #2 - Statistics

General Stats
  • This quiz has been taken 23 times
  • The average score is 5 of 10
Answer Stats
Elevation State Point % Correct
20310ft Alaska Denali
86%
6288ft New Hampshire Mount Washington
86%
14400ft Colorado Mount Elbert
57%
11249ft Oregon Mount Hood
57%
4784ft Georgia Brasstown Bald
43%
3360ft Maryland Backbone Mountain
29%
1803ft New Jersey High Point
29%
4973ft Oklahoma Black Mesa
29%
3554ft South Carolina Sassafras Mountain
29%
2454ft Connecticut Bear Mountain
14%
No matching quizzes found
Score Distribution
Percent of People with Each Score
Percentile by Number Answered
Your Score History
You have not taken this quiz